000
00307nam a22001217a 4500
082
_a
621.91 PAR'P
100
_a
PARSONS, S. A. J
_9
77384
245
_a
PRODUCTION TOOLING EQUIPMENT THE DESIGN OF JIGS TOOLS AND GUAGES
250
_a
3RD
260
_a
LONDON
_b
MACMILLAN
_c
1966
300
_a
364P
942
_c
BK
999
_c
582662
_d
582662